Torture : power, democracy, and the human body /

Bibliographic Details
Other Authors: Zalloua, Zahi Anbra, 1971-, Biswas, Shampa
Format: eBook
Language:English
Published: Seattle, WA : University of Washington Press, 2011.
Series:Global re-visions.
Subjects:
Online Access:Connect to the full text of this electronic book

MARC

Tag First Indicator Second Indicator Subfields
LEADER 00000cam a22000004a 4500
001 in00003375868
005 20190405190451.0
006 m d
007 cr |||||||nn|n
008 110715s2011 wau o d eng d
010 |z  2011029716 
020 |a 9780295801810 
020 |a 0295801816 
020 |z 9780295991221 (pbk. : alk. paper) 
020 |z 0295991224 
035 |a (MdBmJHUP)muse9780295801810 
040 |a MdBmJHUP  |c MdBmJHUP  |d UtOrBLW 
050 0 0 |a HV8593  |b .T6627 2011 
082 0 0 |a 364.6/7  |2 23 
245 0 0 |a Torture :  |b power, democracy, and the human body /  |c edited by Shampa Biswas and Zahi Zalloua. 
264 1 |a Seattle, WA :  |b University of Washington Press,  |c 2011. 
300 |a 1 online resource (viii, 283 pages :) :  |b illustrations 
336 |a text  |b txt  |2 rdacontent 
337 |a computer  |b c  |2 rdamedia 
338 |a online resource  |b cr  |2 rdacarrier 
490 1 |a Global re-visions 
504 |a Includes bibliographical references (pages 245-263) and index. 
505 0 |a Torture and democracy : what now? / Darius Rejali -- Now that we've tortured : image, guilt, consequence / Mark Danner -- We are all torturers now : accountability after Abu Ghraib / Timothy V. Kaufman-Osborn -- Dying Is not permitted : sovereignty, biopower, and force-feeding at Guantánamo Bay / Lauren Wilcox -- The torture device : debate and archetype / Stephanie Athey -- Specters of the Muselmann : Guantánamo Bay Penalogial Theme Park and the torture of Omar Khadr / Joseph Pugliese -- This fragile body : Susan Crile's Abu Ghraib : abuse of power / Julia A. Ireland -- Sri Lanka : landscapes of massacre / Suvendrini Perera. 
588 |a Description based on print version record. 
500 |a Electronic resource. 
650 0 |a Mind and body  |v Congresses. 
650 0 |a Psychiatric ethics  |v Congresses. 
650 0 |a Human body  |x Moral and ethical aspects  |v Congresses. 
650 0 |a Torture  |x Moral and ethical aspects  |v Congresses. 
655 7 |a Electronic books.  |2 local 
700 1 |a Zalloua, Zahi Anbra,  |d 1971- 
700 1 |a Biswas, Shampa. 
856 4 0 |u http://proxy.library.tamu.edu/login?url=http://muse.jhu.edu/books/9780295801810/  |z Connect to the full text of this electronic book  |t 0 
830 0 |a Global re-visions. 
999 |a MARS 
999 f f |s 692bbc2d-2a30-3b03-b1eb-7a7561af53f3  |i a5859d31-aba7-3a08-b53c-985649812a6e  |t 0 
952 f f |a Texas A&M University  |b College Station  |c Electronic Resources  |d Available Online  |t 0  |e HV8593 .T6627 2011  |h Library of Congress classification 
998 f f |a HV8593 .T6627 2011  |t 0  |l Available Online